000 00535nam a2200169Ia 4500
999 _c13170
_d13170
003 OSt
005 20201116100500.0
008 190216s9999||||xx |||||||||||||| ||und||
040 _coclc
082 _a428.4
_bBRA/I
100 _aBracken, Dorothy Kandell
_96577
245 0 _aImproving Reading Ability Around The World /
_cDorothy Kendall Bracken
260 _bInternational Reading Association,
_c1978.
_aUSA:
300 _a244p
650 _aEnglish Literature
942 _cBK
_2ddc
_h428.4
_iBRA/I
_k428.4
_mBRA/I